|
|
|
|
| LEADER |
00000nab a2200000uu 4500 |
| 001 |
vtls011153750 |
| 003 |
SK-MaSNL |
| 005 |
20260303121416.0 |
| 008 |
230131| xo |||||||||||||||||slo| |
| 015 |
|
|
|a SNBRB
|
| 035 |
|
|
|a (urnnbn)urn:nbn:sk:snk:ar-a0a74f
|
| 035 |
|
|
|a (uuid)a7d7f803-445d-4841-a9a8-f1125a9a53e0
|
| 035 |
|
|
|a urn:nbn:sk:snk-abb2nb
|
| 040 |
|
|
|a SNKBUCL
|b slo
|c SNKBUCL
|e AACR2
|
| 041 |
0 |
|
|a slo
|
| 044 |
|
|
|a xo
|c SK
|
| 100 |
1 |
|
|a Paška, Ivan,
|d 1934-
|4 aut
|9 37120
|
| 245 |
1 |
0 |
|a VYUŽITIE PLEMIEN OŠÍPANÝCH V HYBRIDNOM PROGRAME
|c Ivan Paška
|
| 246 |
3 |
|
|a UTILIZATION OF PIG BREEDS IN THE HYBRIDIZATION PROGRAMME
|
| 773 |
0 |
|
|t Poľnohospodárstvo : časopis pre poľnohospodárske vedy
|g Roč. 22, č. 9 (1976_2), s. 847-853
|
| 954 |
|
|
|a odborná, vedecká literatúra pôvodná (slovenská)
|2 lita
|
| 958 |
|
|
|a OND
|
| 958 |
|
|
|a EUIPO
|
| 958 |
|
|
|a article14
|
| 999 |
|
|
|c 1915213
|d 1917143
|